Datum a čas kvízu
26.5
Celkem bodů
Celkový počet nahraných bodů na tomto kvízu bez doplňovacích otázek.
8.
Pořadí na kvízu
Konečné umístění týmu na tomto kvízu.
Zaznamenané odpovědi
| # | Otázka | Odpověď | Body | Výsledky |
|---|---|---|---|---|
| 1. | První číslo československé ver... | 1 | ||
| 2. | Ukrajinská prokuratura žádá 15... | 1 | ||
| 3. | Budapešťské kulturní akci, kte... | 1 | ||
| 4. | Tzv. aféra Dieselgate stála fi... | 1 | ||
| 5. | Česká tenistka po sérii neúspě... | 0.5 | ||
| 6. | Jak se jmenuje tento robot, hr... | 1 | ||
| 7. | Napište podtitul druhého dílu... | 1 | ||
| 8. | Humanoidní robot, který má pod... | 1 | ||
| 9. | Mezi roboty můžeme svým způsob... | 0 | ||
| 10. | Nesmíme opomenout Karla Čapka... | 0 |